Derecho Penal / (Record no. 21606)
[ view plain ]
| 000 -CABECERA | |
|---|---|
| campo de control de longitud fija | 00710nam a2200229 a 4500 |
| 001 - NÚMERO DE CONTROL | |
| campo de control | 000022108 |
| 005 - FECHA Y HORA DE LA ÚLTIMA TRANSACCIÓN | |
| campo de control | 20240411201133.0 |
| 008 - DATOS DE LONGITUD FIJA--INFORMACIÓN GENERAL | |
| campo de control de longitud fija | 100916s1959 sp r 000 0 spa d |
| 040 ## - FUENTE DE LA CATALOGACIÓN | |
| Centro catalogador/agencia de origen | DO-SdBNP |
| Lengua de catalogación | spa |
| Centro/agencia transcriptor | BNPHU |
| 082 ## - NÚMERO DE LA CLASIFICACIÓN DECIMAL DEWEY | |
| Número de clasificación | 345 |
| Número de documento/Ítem | P979d, 1959 |
| 049 ## - FONDOS LOCALES (OCLC) | |
| Fondos de biblioteca | BNGR |
| 100 1# - ENTRADA PRINCIPAL--NOMBRE DE PERSONA | |
| Nombre de persona | Puig Peña, Federico, |
| 9 (RLIN) | 34526 |
| 245 10 - MENCIÓN DE TÍTULO | |
| Título | Derecho Penal / |
| Mención de responsabilidad, etc. | Federico Puig Peña. |
| 250 ## - MENCIÓN DE EDICIÓN | |
| Mención de edición | 5a ed. |
| 260 ## - PUBLICACIÓN, DISTRIBUCIÓN, ETC. | |
| Lugar de publicación, distribución, etc. | Barcelona : |
| Nombre del editor, distribuidor, etc. | Nauta, |
| Fecha de publicación, distribución, etc. | 1959. |
| 300 ## - DESCRIPCIÓN FÍSICA | |
| Extensión | v. ; |
| Dimensiones | 24 cm. |
| 490 1# - MENCIÓN DE SERIE | |
| Mención de serie | Parte especial ; |
| Designación de volumen o secuencia | 1 |
| 500 ## - NOTA GENERAL | |
| Nota general | Biblioteca posee tomo III y tomo IV. |
| 504 ## - NOTA DE BIBLIOGRAFÍA, ETC. | |
| Nota de bibliografía, etc. | Incluye referencias bibliográficas y notas al pie de las páginas. |
| 650 #0 - PUNTO DE ACCESO ADICIONAL DE MATERIA--TÉRMINO DE MATERIA | |
| Término de materia o nombre geográfico como elemento de entrada | Derecho penal |
| 9 (RLIN) | 17405 |
| 830 #0 - PUNTO DE ACCESO ADICIONAL DE SERIE-TÍTULO UNIFORME | |
| Título uniforme | Parte especial ; |
| Número de parte o sección de la obra | 1 |
| 9 (RLIN) | 45800 |
| 999 ## - NÚMEROS DE CONTROL DE SISTEMA (KOHA) | |
| -- | 0000110 |
| Estado de retiro | Estado de pérdida | Restricciones de uso | No para préstamo | Código de colección | Localización permanente | Ubicación/localización actual | Ubicación en estantería | Fecha de adquisición | Número de inventario | Total de préstamos | Signatura topográfica completa | Código de barras | Fecha visto por última vez | Precio válido a partir de | Tipo de ítem Koha |
|---|---|---|---|---|---|---|---|---|---|---|---|---|---|---|---|
| Monografías: Libros y Folletos | General | General | En catalogación | 16.09.2010 | LF1 | v. 1 | 22108-10 | 25.06.2020 | 25.06.2020 | Préstamo en sala | |||||
| Monografías: Libros y Folletos | General | General | En catalogación | 16.09.2010 | LF1 | v. 2 | 22108-20 | 25.06.2020 | 25.06.2020 | Préstamo en sala |
